000 00357nam a22001577a 4500
003 OSt
020 _a978184920797
082 _a001.42
_bSMI/RE
100 _aMalcolm Smith
245 _aResearch Methods In Accounting
250 _a2nd
260 _aNew Delhi
_bSage Publications
_c2011
300 _a223
650 _aSurvey Research
942 _2ddc
_cBK
999 _c188823
_d188823